000 00923nam a2200277 i 4500
003 DO-SdBNP
005 20250718140047.0
007 ta
008 250718s1997 dr a 000 0 spa d
040 _aDO-SdBNP
_bspa
_cBNPHU
_erda
041 _aspa
082 4 _axxx
_bK37a
_222
100 1 _aKenton, Luis
_956915
_eautor
_4aut.
245 1 3 _aEl amor y la naturaleza :
_bun encuentro con la vida /
_cLuis Kenton ; fotografías, Carlos Rosario
250 _aPrimera edición
264 _aSanto Domingo :
_bEditora Centenario
_c1997.
300 _a[78] páginas :
_bilustraciones
_c22 cm.
336 _atexto
_btxt
_2rdacontent
337 _asin mediación
_bn
_2rdamedia
338 _avolumen
_bnc
_2rdacarrier
500 _aIncluye datos biografícos del autor en la contraportada.
590 _aInventariado, 2025/ YL
700 1 _aRosario, Carlos
_efotografías
_4fot.
_988394
910 _aYLockward
942 _2ddc
_cLBS1
999 _c59580
_d59580